Häufigste Gemeindenamen Österreichs - Statistiken

Allgemein
  • Dieses Quiz wurde 78 mal gespielt
  • Das Durchschnittsergebnis liegt bei 4 aus 15
Antwortstatistiken
# Gemeinden Name % Korrekt
6 St. Johann am Wimberg, St. Johann im Pongau, St. Johann im Saggautal, St. Johann im Walde, St. Johann in der Haide, St. Johann in Tirol St. Johann
64%
15 St. Georgen am Fillmannsbach, St. Georgen am Kreschberg, St. Georgen am Längsee, St. Georgen am Reith, St. Georgen am Walde, St. Georgen am Ybbsfelde, St. Georgen an der Gusen, St. Georgen an der Leys, St. Georgen an der Stiefing, St. Georgen bei Grieskirchen, St. Georgen bei Obenberg am Inn, St. Georgen bei Salzburg, St. Georgen im Attergau, St. Georgen im Lavanttal, St. Georgen ob Judenburg St. Georgen
47%
8 St. Peter am Hart, St. Peter am Kammersberg, St. Peter am Ottersbach, St. Peter am Wimberg, St. Peter im Sulmtal, St. Peter im Sulmtal, St. Peter in der Au, St. Peter ob Judenburg, St. Peter-Freienstein St. Peter
42%
9 St. Martin am Tennengebirge, St. Martin am Wöllmißberg, St. Martin an der Raab, St. Martin bei Lofer, St. Martin im Innkreis, St. Martin im Mühlkreis, St. Martin im Sulmtal, St. Martin im Waldviertel, St. Martin-Karlsbach St. Martin
39%
5 Neumarkt am Wallersee, Neumarkt an der Ybbs, Neumarkt im Hausruckkreis, Neumarkt im Mühlkreis, Neumarkt in der Steiermark Neumarkt
36%
8 Kirchberg am Wagram, Kirchberg am Walde, Kirchberg am Wechsel, Kirchberg an der Pielach, Kirchberg bei Mattighofen, Kirchberg in Tirol, Kirchberg ob der Donau, Kirchberg-Thening Kirchberg
31%
7 St. Veit in der Südsteiermark, St. Veit an der Glan, St. Veit an der Gölsen, St. Veit im Innkreis, St. Veit im Mühlkreis, St. Veit im Pongau, St. Veit in Defereggen St. Veit
29%
5 St. Stefan am Walde, St. Stefan im Gailtal, St. Stefan im Rosental, St. Stefan ob Leoben, St. Stefan ob Stainz St. Stefan
25%
6 Zell am Moos, Zell am Pettenfirst, Zell am See, Zell am Ziller, Zell an der Pram, Zell in Kärnten Zell
24%
5 Neukirchen am Großvenediger, Neukirchen am Walde, Neukirchen an der Enknach, Neukirchen an der Vöckla, Neukirchen bei Lambach Neukirchen
22%
5 St. Margarethen an der Raab, St. Margarethen an der Sierning, St Margarethen bei Knittelfeld, St. Margarethen im Burgenland, St. Margarethen im Lungau St. Margarethen
22%
5 Ried im Innkreis, Ried im Oberinntal, Ried im Traunkreis, Ried im Zillertal, Ried in der Riedmark Ried
20%
5 St. Andrä am Zicksee, St. Andrä im Lavanttal, St. Andrä im Lungau, St. Andrä-Höch, St. Andrä-Wördern St. Andrä
20%
5 Feistritz am Wechsel, Feistritz an der Gail, Feistritz im Rosental, Feistritz ob Bleiburg, St. Marein-Feistritz Feistritz
15%
5 Neustift an der Lavanttal, Neustift bei Güssing, Neustift im Mühlkreis, Neustift im Stubaital, Neustift-Innermanzing Neustift
5%
Keine übereinstimmenden Quizze gefunden
Verteilung der Resultate
Anzahl Personen mit jedem Resultat
Perzentil nach korrekt beantworteten Fragen
Ihre Resultats-Entwicklung
Sie haben dieses Quiz noch nicht gespielt